60 rokov Štátneho geologického ústavu Dionýza Štúra

Bibliographic Details
Main Author: Grecula, Pavol (Author)
Format: Article
Language:Slovak
PhysicalDescription:Fotogr.
ISSN:1335-1877
Subjects:

MARC

LEADER 00000nab a2200000 a 4500
001 vtls000730881
003 SK-MaSNL
005 20260426082017.0
008 250429c2000 xo 0 slo
015 |a SNBRB2000/10-21810 
035 |a CLN000083008 
035 |a urn:nbn:sk:snk-ab6jsz 
035 |a (uuid)78655bd2-d60b-4fbe-99cc-6aa98a63ffe0 
035 |a (urnnbn)urn:nbn:sk:snk:ar-004oyh 
035 |a (sysno)vtls000730881 
040 |a SNKBUCL  |b slo  |c SNKBUCL  |e AACR2 
041 0 |a slo 
044 |a xo  |c SK 
080 |a 55:061.61(437.6)  |2 1997 
100 1 |a Grecula, Pavol  |4 aut  |9 513702 
245 1 0 |a 60 rokov Štátneho geologického ústavu Dionýza Štúra  |c Pavol Grecula 
246 1 3 |a Šesťdesiat rokov Štátneho geologického ústavu Dionýza Štúra 
300 |b Fotogr. 
610 2 7 |a Štátny geologický ústav Dionýza Štúra (Bratislava, Slovensko)  |2 snkbucl  |9 33594 
651 7 |a Bratislava (Slovensko)  |2 snkbucl  |9 14568 
655 7 |a články z novín a časopisov  |2 snkbucl  |9 267496 
773 0 |t Enviromagazín  |g Roč. 5, č. 3 (2000), s. 3  |x 1335-1877 
850 |a Slovenská národná knižnica 
852 |a Slovenská národná knižnica 
954 |a odborná, vedecká literatúra pôvodná (slovenská)  |2 lita 
958 |a article27 
958 |a SK 
958 |a OND 
958 |a EUIPO 
992 |a RBX 
999 |c 2860171  |d 2862101